000 01109nam a2200241 a 4500
005 20161011114532.0
008 161011s2012 ck ad|||r|||| 00| 0 spa d
040 _aCO-BoIAVH
_cCO-BoIAVH
041 0 _aspa
044 _ack
090 _aFG-
_b0068
245 0 0 _aLínea base de biodiversidad en sabanas y bosques de predios productivos en la Orinoquia colombiana :
_bcaracterización de la biodiversidad. Plantas • Escarabajos • Aves
260 _aBogotá?, Colombia :
_bGEF :
_bPNUD,
_c2012?.
300 _a1 plegable (17 páginas) :
_bilustraciones a color y gráficas ;
_c23 x 16 cm.
500 _aConservación de la biodiversidad en predios productivos.
650 2 6 _aBiodiversidad
_xcaracterización
_zColombia
_zVichada (Departamento)
650 2 4 _aAltillanura
_zColombia
_zVichada (Departamento)
650 2 6 _aSabanas
_zColombia
_zVichada (Departamento)
650 2 6 _aPlantas
_zColombia
_zVichada (Departamento)
650 2 6 _aColeoptera
_zColombia
_zVichada (Departamento)
650 2 6 _aAves
_zColombia
_zVichada (Departamento)
942 _2z
_cFolleto
999 _c19081
_d19081